Prepositions in Play Titles Quiz Stats

 Plays Quiz Updated Apr 14, 2019

Score 0/15 Timer 03:00
5 Plays Today
% Correct
About
94.2%
On
93.7%
By
93.3%
For
93.1%
After
88.6%
Until
86.5%
In
86.3%
Into
85.8%
% Correct
To
84.3%
From
83.9%
Of
79.1%
Without
74.9%
Under
74.3%
With
57.3%
At
46%

You're not logged in!

Compare scores with friends on all Sporcle quizzes.
OR
Log In

Show Comments

Extras

Top Quizzes Today


Score Distribution

Your Account Isn't Verified!

In order to create a playlist on Sporcle, you need to verify the email address you used during registration. Go to your Sporcle Settings to finish the process.

Report this User

Report this user for behavior that violates our Community Guidelines.

Details: